|
|
|
|
| LEADER |
03805nam a22003733i 4500 |
| 001 |
EBC31361035 |
| 003 |
MiAaPQ |
| 005 |
20240729202206.0 |
| 006 |
m o d | |
| 007 |
cr cnu|||||||| |
| 008 |
240729s2024 xx o ||||0 eng d |
| 020 |
|
|
|a 9783111245591
|q (electronic bk.)
|
| 035 |
|
|
|a (MiAaPQ)EBC31361035
|
| 035 |
|
|
|a (Au-PeEL)EBL31361035
|
| 040 |
|
|
|a MiAaPQ
|b eng
|e rda
|e pn
|c MiAaPQ
|d MiAaPQ
|
| 082 |
0 |
|
|a 508.2
|
| 100 |
1 |
|
|a Bremer, Scott.
|
| 245 |
1 |
0 |
|a Changing Seasonality :
|b How Communities Are Revising Their Seasons.
|
| 250 |
|
|
|a 1st ed.
|
| 264 |
|
1 |
|a Berlin/Boston :
|b Walter de Gruyter GmbH,
|c 2024.
|
| 264 |
|
4 |
|c Ã2024.
|
| 300 |
|
|
|a 1 online resource (268 pages)
|
| 336 |
|
|
|a text
|b txt
|2 rdacontent
|
| 337 |
|
|
|a computer
|b c
|2 rdamedia
|
| 338 |
|
|
|a online resource
|b cr
|2 rdacarrier
|
| 505 |
0 |
|
|a Intro -- Preface -- Contents -- List of images -- 1 When seasons no longer hold -- Part I Evolving history & -- amp -- heritage -- 2 Healing roots and unsettling legacies -- 3 Thinking with the primstav today -- 4 Enchanting cyclical time: Living through the Wheel of the Year -- 5 Exploring dynamic eco-calendars for a modern world -- 6 Claiming the winds: Monsoon in the Indian Ocean -- 7 While waiting for the sea ice: Stories of changes from Ittoqqortoormiit (Kalaallit Nunaat) -- 8 Chasing the seasons: Pehuenche experiences of rapid socioecological change in the Southern Andes -- Part II Relations to nature -- 9 Gifts of the plant world -- 10 Taking a chance in unseasonable environments -- 11 Plants in a world of changing seasons P -- 12 Unseen seaweed seasonalities -- 13 Feral swans and frightening encounters -- 14 Crimson Calamity -- Part III Creativity and the arts -- 15 Tilting the frame: How the seasonal characteristics of light informs image -- 16 The nature of art: Working with changing seasonalities -- 17 Simulating seasons in virtual reality -- 18 Dark seasonality in videogames -- 19 Seasons in time: Bases, threats and opportunities. A triptych of poetic theory -- Part IV Rhythms of daily life -- 20 Time is out of joint: Disruptive seasonalities of the AnthropoScene -- 21 The seasons of a new home: Learning with heat and light -- 22 Outside-In: Restor(y)ing the Seasons -- 23 Telling the year by the rugby season, and getting confused -- 24 Apps and me: How apps are shaping my experience of the New Zealand environment and seasons 25 Fire and snow: The changing nature of seasonal work in a Canadian mountain town -- 25 Fire and snow: The changing nature of seasonal work in a Canadian mountain town -- 26 How seasonal is gin? -- 27 Losing seasons in the landscape: When the bee season falls out of synchrony -- 28 I have bee-s/-n up there.
|
| 505 |
8 |
|
|a 29 A new season for climate change science and praxis? -- 30 Forecasting Seasons: Using seasonal forecasts to decide agricultural rhythms in East Africa -- Part VI Planning & -- amp -- engineering -- 31 New seasons on a tropical island -- 32 From grey to green infrastructure in a changing climate -- 33 Artifacts and seasonality: How we guide the built environment through time -- 34 Weather and infrastructure: The Flax Road -- 35 Conclusion: Negotiating changing seasonality Com -- Index.
|
| 588 |
|
|
|a Description based on publisher supplied metadata and other sources.
|
| 590 |
|
|
|a Electronic reproduction. Ann Arbor, Michigan : ProQuest Ebook Central, 2024. Available via World Wide Web. Access may be limited to ProQuest Ebook Central affiliated libraries.
|
| 655 |
|
4 |
|a Electronic books.
|
| 700 |
1 |
|
|a Wardekker, Arjan.
|
| 776 |
0 |
8 |
|i Print version:
|a Bremer, Scott
|t Changing Seasonality
|d Berlin/Boston : Walter de Gruyter GmbH,c2024
|
| 797 |
2 |
|
|a ProQuest (Firm)
|
| 856 |
4 |
0 |
|u https://ebookcentral.proquest.com/lib/matrademy/detail.action?docID=31361035
|z Click to View
|